000 00502cam a22001812 4500
001 0000000526
005 20170406112656.0
008 131112s xx 000 0 eng d
020 _c$
040 _aYour Holding Symbol
_cYour Holding Symbol
100 1 _aHusser,Edmund.
245 1 0 _aideas :
_bgeneral introduction to ure phenomenology.
250 _a ed.
260 _alondon :
_bcolleer books,
_c1962.
300 _a446 p. ;
_c cm.
650 0 _aphilosophy.
908 _a131112
999 _c454
_d454